| 000 | 00588nam a2200181Ia 4500 | ||
|---|---|---|---|
| 008 | 090123s9999 xx 000 0 und d | ||
| 082 | _b36876 | ||
| 100 | _aगोळे नंदकुमार | ||
| 245 | _aयोग एक जीवनशैली | ||
| 250 | _a1 | ||
| 260 |
_bस्नेहल प्रकाशन _c2004 |
||
| 300 | _a140 | ||
| 600 | _aगोळे नंदकुमार | ||
| 630 | _aयोग एक जीवनशैली | ||
| 700 | _aगोळे नंदकुमार | ||
| 730 | _aयोग एक जीवनशैली | ||
| 942 | _cBOOK | ||
| 999 |
_c74944 _d74944 |
||